000 00694nam a22001937a 4500
999 _c17893
_d17893
003 OSt
005 20230127112805.0
008 230127b ||||| |||| 00| 0 eng d
040 _c0
082 _aDPer 910.46 T156 2019 v76PA-76PB
100 _aLefebvre, Sarah.
_eauthohr.
_947594
245 _aCan, cup, or bottle? The influence of beverage vessel on taste and willingness to pay /
_cSarah Lefebvre, Marissa Orlowski.
260 _aAmsterdam :
_bElsevier,
_c©January 2019.
300 _av 76PA, pages 194-205 : illustrations.
650 _aHospitality industry.
_947595
700 _aLefebvre, Sarah .
_eauthor.
_947596
700 _aOrlowski, Marissa.
_eauthor.
_947597
942 _2ddc
_cPER